Obálka Náhled e-knihy:
PDF Epub
Pro půjčování e-knih musíte být přihlášeni.
Jak si půjčit online?

Případy soudce Ti. Noc kočky /

Kočičí muž řádí v městečku tkalců. Z případů soudce Ti.

Uloženo v:
Série:Nové případy soudce Ti, část
Hlavní autor: Lenormand, Frédéric, 1964- (Autor)
Další autoři: Misařová, Vlasta, 1942- (Autor)
Médium: E-kniha
Jazyk:Czech
Vydáno: V Praze : Garamond, 2024
Vydání:Vydání první
Témata:
Příbuzné jednotky:Z cyklu:: Nové případy soudce Ti
Tagy:
Žádné tagy
LEADER 02978nam a2200517 i 4500
001 312468
003 CZ PrSKC
005 20260601215723.0
007 ta
008 240802s2024 xr g 000 f cze
015 |a cnb003624886 
020 |a 9788074076633  |q (brožováno) :  |c Kč 349,00 
035 |a (OCoLC)1459785417 
040 |a ABG001  |b cze  |e rda 
041 1 |a cze  |h fre 
072 7 |a 821.133.1-3  |x Francouzská próza, francouzsky psaná  |2 Konspekt 
080 |a 821.133.1-31  |2 MRF 
080 |a (0:82-312.4)  |2 MRF 
080 |a (0:82-311.6)  |2 MRF 
100 1 |a Lenormand, Frédéric,  |d 1964-  |7 mzk2006343198  |4 aut 
240 1 0 |a Nuit du chat.  |l Česky 
245 1 0 |a Případy soudce Ti.  |p Noc kočky /  |c Frédéric Lenormand ; z francouzského originálu přeložila Vlasta Misařová 
246 3 0 |a Noc kočky 
246 1 5 |a Nový případ soudce Ti 
250 |a Vydání první 
264 1 |a V Praze :  |b Garamond,  |c 2024 
300 |a 210 stran ;  |c 19 cm 
336 |a text  |b txt  |2 rdacontent 
337 |a bez média  |b n  |2 rdamedia 
338 |a svazek  |b nc  |2 rdacarrier 
520 2 |a Kočičí muž řádí v městečku tkalců. Z případů soudce Ti.  |b V rituálních lázních vztyčených na břehu Lan-fangu ku příležitosti svátku Dvojí trojky špehuje dámy zlověstný kočičí muž. Zpráva ohromí celé městečko tkalců, cíl dovozců vlny z barbarských krajů za Velkou zdí. Místní podprefekt soudce Ti je navíc zpraven o nekalých praktikách konkurentů nejbohatšího z místních obchodníků suknem. Ten je přímým dodavatelem administrativy Nebeského draka, proto jeho stížnosti nelze brát na lehkou váhu. Hlavní otázka zní, jakou roli v tom všem hraje přenádherná místní tanečnice, která nejednomu muži ve městě víří myšlenky. Když obvinění padne na podprefektova pobočníka, nabere případ nebezpečných obrysů a nosiči palankýnu Ti Žen-ci se musí pustit do honičky se skutečně dramatickým závěrem. Nakladatelská anotace. 
655 7 |a francouzské romány  |7 fd132289  |2 czenas 
655 7 |a detektivní romány  |7 fd132010  |2 czenas 
655 7 |a historické romány  |7 fd132414  |2 czenas 
655 9 |a French fiction  |2 eczenas 
655 9 |a detective novels  |2 eczenas 
655 9 |a historical novels  |2 eczenas 
700 1 |a Misařová, Vlasta,  |d 1942-  |7 jx20050720064  |4 trl 
765 1 |t Nouvelle enquêtes du juge Ti 
787 0 8 |i Z cyklu:  |t Nové případy soudce Ti 
900 |a ABA001  |b 20 
928 9 |a Albatros Media - Garamond 
044 |a xr 
910 |a RBIT002 
998 |d 408456  |a https://core.palmknihy.cz/api/books/408456/cover?sh7ipm  |b https://core.palmknihy.cz/api/books/408456/cover/400?sh7ipm  |c https://core.palmknihy.cz/api/books/408456/cover/50?sh7ipm  |e 2029-11-26  |g 224  |i 9788074076633  |j https://core.palmknihy.cz/api/books/408456/preview.epub  |k https://core.palmknihy.cz/api/books/408456/preview.pdf  |l   |q 49  |r 1  |s https://www.palmknihy.cz/kniha/408456  |t ebook  |y 2024  |z 0 
999 |d 312466